000 00640nam a2200169 4500
020 _a968-426-849-1
050 _aBF47 R62 1988
082 _a658.409.4 R635a
100 _aRodríguez Estrada, Mauro
245 _aAutoestima : Clave del ‚xito personal / Mauro Rodríguez Estrada, Georgina Pellicer de Flores, Magdalena Domínguez Eyssautier
250 _a2
260 _aMéxico : El manual moderno
300 _a86 p. / 24 cm
440 _aSerie de Capacitación Integral, no. 4
650 _a1. AUTOESTIMA 2. EJECUTIVOS 3. EXITO
700 _aI. Pellicer de Flores, Georgina. coaut. II. Domínguez Eyssautier, Magdalena. coaut.
999 _c26281
_d26281